000 00475nam a2200205Ia 4500
003 0100
008 130303s9999 xx 000 0 und d
040 _cARRUPELIB
050 _aBC91.S5 1966
100 _aSkyrms, Brian
245 _aChoice and chance
245 _ban introduction to inductive logic
260 _aCalifornia
260 _bDickenson Publishing Company
260 _C1966
300 _a165p.
300 _b 23cm
650 _aLOGIC
942 0 0 _01
999 _c38003
_d38003